000
00294nam a22001337a 4500
020
_a
978-81-264-2448-1
082
_a
894.812.3
_b
MAN/E
100
_a
MANGAD, AMBIKASUTHAN
245
_a
ENMAKA
260
_a
KOTTAYAM
_b
DC BOOKS
300
_a
200
650
_a
MALAYALAM NOVEL
_z
KERALA
942
_c
BK
999
_c
7173
_d
7173